Normal view MARC view
  • BGP

Entry Topical Term

Number of records used in: 20

001 - CONTROL NUMBER

  • control field: 8859

003 - CONTROL NUMBER IDENTIFIER

  • control field: JRU

005 - DATE AND TIME OF LATEST TRANSACTION

  • control field: 20260224151910.0

008 - FIXED-LENGTH DATA ELEMENTS

  • fixed length control field: 260224|| aca||aabn | a|a d

040 ## - CATALOGING SOURCE

  • Original cataloging agency: JRU
  • Transcribing agency: JRU

150 ## - HEADING--TOPICAL TERM

  • Topical term or geographic name as entry element: BGP

670 ## - SOURCE DATA FOUND

  • Source citation: Work cat.: (JRU)9032: ALVI, M. A AND RAHMAN A. 8858, FATHULLA SHIRAZI A SIXTEEN -CENTURY INDIAN SCIENTIST